00739nam a2200229 a 4500008004100000020001800041050001500059100001700074245011900091250001200210260004900222300002200271350000900293490002400302650002900326650003200355650004200387650003300429650001500462700001600477700001600493120223s2010 ||||||||||||||||| || u a9780702033728 aQP 187 Hin aRaven, Peter14aThe Endocrine system: basic science and clinical conditions. (2nd ed.)cby Joy Hinson, Peter Raven and Shern Chew a2nd ed. aOxfordbChurchill Livingstone/Elsevierc2010 a[iv], 185p.: ill. a0.00 aSystems of the body aENDOCRINOLOGY--TEXTBOOKS aENDOCRINE GLANDS--TEXTBOOKS aENDOCRINE GLANDS--DISEASES--TEXTBOOKS aENDOCRINE SYSTEM--PHYSIOLOGY aPHYSIOLOGY aChew, Shern aHinson, Joy